[Event "XVII MetLife Najdorf Open 2017"]
[Site "Warsaw"]
[Date "2017.07.13"]
[Round "5.56"]
[White "Schroeder, Kevin"]
[Black "Karwowski, Kacper"]
[Result "0-1"]
[WhiteElo "2321"]
[BlackElo "2221"]
[Annotator "ChessBase"]
[PlyCount "134"]
[EventDate "2017.??.??"]
[EventType "swiss"]
[EventCountry "POL"]
[SourceTitle "playchess.com"]
[Source "ChessBase"]
[SourceQuality "1"]
[TimeControl "40/5400+30:1800+30"]

1. Nf3 Nf6 2. c4 b6 3. g3 Bb7 4. Bg2 e6 5. O-O Be7 6. b3 O-O 7. Bb2 c5 8. d4 cxd4 9. Qxd4 Nc6 10. Qf4 d5 11. Rd1 Qb8 12. Qxb8 Raxb8 13. cxd5 Nxd5 14. Nc3 Ncb4 15. Ne5 Nxc3 16. Bxc3 Bxg2 17. Kxg2 Nd5 18. Bb2 Rbc8 19. Rac1 Bf6 20. a3 b5 21. e4 Nb6 22. Ba1 Rxc1 23. Rxc1 Bxe5 24. Bxe5 Rc8 25. Ra1 f6 26. Bd4 e5 27. Be3 Rc3 28. a4 Rxb3 29. a5 Nc4 30. Bxa7 b4 31. Bc5 Ra3 32. Rc1 Nxa5 33. Bxb4 Ra4 34. Rc8+ Kf7 35. Rc7+ Kg8 36. Bc3 Nc4 37. Rc6 Na3 38. f4 exf4 39. e5 Rc4 40. Rxc4 Nxc4 41. exf6 fxg3 42. Kxg3 g6 43. Kf4 h6 44. h4 Kf7 45. Bd4 Ke6 46. Kg4 Nd6 47. h5 g5 48. Bb6 Ne4 49. Bd8 Nxf6+ 50. Kf3 Nxh5 51. Ba5 Kf5 52. Bb4 Nf4 53. Bd6 h5 54. Bc5 Ng6 55. Be3 g4+ 56. Kg3 h4+ 57. Kh2 Ke4 58. Bg5 Kf3 59. Bd8 Ke4 60. Bf6 Kf5 61. Bd8 Ne5 62. Kg2 Nf3 63. Be7 Ng5 64. Bd8 g3 65. Kf1 Kg4 66. Bc7 h3 67. Bd6 g2+ 0-1

[Event "XVII MetLife Najdorf Open 2017"]
[Site "Warsaw"]
[Date "2017.07.13"]
[Round "5.57"]
[White "Srinath, Rao S V"]
[Black "Baltic, Fatih"]
[Result "1-0"]
[WhiteElo "2321"]
[BlackElo "2210"]
[Annotator "ChessBase"]
[PlyCount "97"]
[EventDate "2017.??.??"]
[EventType "swiss"]
[EventCountry "POL"]
[SourceTitle "playchess.com"]
[Source "ChessBase"]
[SourceQuality "1"]
[TimeControl "40/5400+30:1800+30"]

1. d4 Nf6 2. Bf4 d5 3. e3 c5 4. c3 Nc6 5. Nf3 Qb6 6. Qb3 c4 7. Qc2 Bf5 8. Qc1 e6 9. Nbd2 Be7 10. h3 Bg6 11. Be2 Qd8 12. Nh4 Be4 13. Nxe4 Nxe4 14. Nf3 b5 15. Qc2 O-O 16. O-O Bd6 17. a4 b4 18. Bxc4 Bxf4 19. exf4 bxc3 20. bxc3 Qf6 21. Ba6 Ne7 22. g3 Qf5 23. Bd3 Qxh3 24. Bxe4 dxe4 25. Qxe4 Rac8 26. Rfc1 Nd5 27. Ng5 Nf6 28. Qd3 Qg4 29. Kg2 Rc7 30. c4 Rd8 31. Qe3 Rcd7 32. Rab1 h6 33. Nf3 Qf5 34. Rb5 Qe4 35. Qxe4 Nxe4 36. f5 Rc7 37. fxe6 fxe6 38. Re5 Nd6 39. c5 Nf5 40. Rd1 Rc6 41. d5 Rxc5 42. g4 Rdxd5 43. Rdxd5 exd5 44. gxf5 Rc4 45. a5 Rc5 46. a6 Ra5 47. Re6 Ra4 48. Ne5 d4 49. Re8+ 1-0

[Event "XVII MetLife Najdorf Open 2017"]
[Site "Warsaw"]
[Date "2017.07.13"]
[Round "5.58"]
[White "Aditya Mittal"]
[Black "Mulet, Piotr"]
[Result "1-0"]
[WhiteElo "2203"]
[BlackElo "2307"]
[Annotator "ChessBase"]
[PlyCount "157"]
[EventDate "2017.??.??"]
[EventType "swiss"]
[EventCountry "POL"]
[SourceTitle "playchess.com"]
[Source "ChessBase"]
[SourceQuality "1"]
[TimeControl "40/5400+30:1800+30"]

1. d4 Nf6 2. c4 e5 3. dxe5 Ng4 4. Nf3 Bc5 5. e3 Nc6 6. Nc3 O-O 7. Be2 a5 8. O-O Ngxe5 9. Nxe5 Nxe5 10. Ne4 Be7 11. c5 Nc6 12. b3 f5 13. Ng3 d5 14. cxd6 Qxd6 15. Bc4+ Kh8 16. Bb2 Bf6 17. Qxd6 cxd6 18. Bxf6 Rxf6 19. Nh5 Rh6 20. Nf4 g5 21. Ne2 Bd7 22. Rfd1 Ne5 23. Bd5 Bc6 24. Rac1 Rf8 25. Bxc6 bxc6 26. Nd4 c5 27. Nb5 Rff6 28. Rd5 Nf7 29. a3 Kg7 30. b4 axb4 31. axb4 cxb4 32. Nd4 Kg6 33. f4 Rh5 34. Rc6 Rh4 35. g3 Rh3 36. Kg2 g4 37. Rb6 h5 38. Rbb5 Nh6 39. Rb6 Nf7 40. Rxb4 h4 41. Rbb5 hxg3 42. hxg3 Nh6 43. Ra5 Kh7 44. Ra7+ Kg6 45. e4 Rh5 46. Nc6 Re6 47. Nd4 Rf6 48. Raa5 Kh7 49. Ra6 Rh3 50. e5 Rf8 51. Raxd6 Rb8 52. Rd7+ Kg6 53. R5d6+ Kh5 54. Ne2 Rb2 55. Rd2 Rb1 56. Ng1 Re1 57. Re2 Rxe2+ 58. Nxe2 Kg6 59. Nd4 Ng8 60. Ne6 Rh8 61. Nf8+ Kh6 62. Ne6 Kh5 63. Ra7 Nh6 64. Rg7 Rg8 65. Kf2 Rxg7 66. Nxg7+ Kg6 67. Ne6 Kf7 68. Nd4 Ke7 69. Ke3 Kf7 70. Kd3 Kg6 71. Kc4 Kf7 72. Kd5 Ke7 73. Nc6+ Kf7 74. Kd6 Ng8 75. Kd7 Kf8 76. e6 Nf6+ 77. Kd8 Kg7 78. e7 Kf7 79. Ne5+ 1-0

[Event "XVII MetLife Najdorf Open 2017"]
[Site "Warsaw"]
[Date "2017.07.13"]
[Round "5.59"]
[White "Pranav Vijay"]
[Black "Kujawski, Adam"]
[Result "1-0"]
[WhiteElo "2265"]
[BlackElo "2300"]
[Annotator "ChessBase"]
[PlyCount "89"]
[EventDate "2017.??.??"]
[EventType "swiss"]
[EventCountry "POL"]
[SourceTitle "playchess.com"]
[Source "ChessBase"]
[SourceQuality "1"]
[TimeControl "40/5400+30:1800+30"]

1. e4 e6 2. d4 d5 3. Nc3 Nf6 4. exd5 exd5 5. Bg5 Be7 6. Qd2 c6 7. Bd3 Qb6 8. O-O-O Qxd4 9. Nf3 Qc5 10. Rhe1 Be6 11. Nd4 Qxd4 12. Rxe6 fxe6 13. Bg6+ hxg6 14. Qxd4 Nbd7 15. Qd3 Kf7 16. h4 b5 17. Re1 a5 18. Qh3 Nf8 19. Ne2 c5 20. Nf4 Ra6 21. Qf3 b4 22. g4 a4 23. h5 c4 24. Rh1 gxh5 25. gxh5 Rh7 26. Rg1 a3 27. h6 axb2+ 28. Kb1 gxh6 29. Bxf6 Bxf6 30. Qh5+ Ke7 31. Re1 Kd7 32. Nxd5 exd5 33. Qe8+ Kc7 34. Qxf8 Rg7 35. Qc5+ Rc6 36. Qa7+ Kd6 37. Qa4 Bc3 38. Rd1 d4 39. f4 Rgc7 40. Rg1 Kd5 41. Qa5+ Rc5 42. Qa8+ R5c6 43. Qf8 Re6 44. f5 Re2 45. Qd8+ 1-0

[Event "XVII MetLife Najdorf Open 2017"]
[Site "Warsaw"]
[Date "2017.07.13"]
[Round "5.60"]
[White "Hacker, Jonas"]
[Black "Mis, Mieszko"]
[Result "1/2-1/2"]
[WhiteElo "2297"]
[BlackElo "2137"]
[Annotator "ChessBase"]
[PlyCount "108"]
[EventDate "2017.??.??"]
[EventType "swiss"]
[EventCountry "POL"]
[SourceTitle "playchess.com"]
[Source "ChessBase"]
[SourceQuality "1"]
[TimeControl "40/5400+30:1800+30"]

1. e4 e5 2. Nf3 Nc6 3. Bb5 Nf6 4. O-O Nxe4 5. Re1 Nd6 6. Nxe5 Be7 7. Bf1 Nxe5 8. Rxe5 O-O 9. c3 Bf6 10. Re1 Re8 11. Rxe8+ Nxe8 12. d4 d5 13. Bf4 c6 14. Nd2 Bf5 15. Qb3 Qb6 16. Re1 h6 17. a4 g5 18. Bg3 Ng7 19. a5 Qxb3 20. Nxb3 Nh5 21. Bd6 Rd8 22. Bc7 Rc8 23. Bd6 Rd8 24. Bc7 Rc8 25. Be5 Re8 26. g3 b6 27. a6 Bc8 28. Be2 g4 29. h3 Bxe5 30. Bxg4 Bxg4 31. hxg4 Nf6 32. Rxe5 Rxe5 33. dxe5 Nxg4 34. Nd4 Nxe5 35. f4 c5 36. fxe5 cxd4 37. cxd4 f6 38. Kf2 Kf7 39. exf6 Kxf6 40. g4 b5 41. Kg3 Kg5 42. b4 Kf6 43. Kf4 Ke6 44. Kg3 Kf6 45. Kh4 Kg6 46. Kh3 Kf6 47. Kg2 Kg5 48. Kg3 Kf6 49. Kf4 Ke6 50. g5 h5 51. g6 Kf6 52. g7 Kxg7 53. Kg5 h4 54. Kxh4 Kh6 1/2-1/2

[Event "XVII MetLife Najdorf Open 2017"]
[Site "Warsaw"]
[Date "2017.07.15"]
[Round "7"]
[White "Cheparinov, Ivan"]
[Black "Kveinys, Aloyzas"]
[Result "1-0"]
[WhiteElo "2703"]
[BlackElo "2542"]
[Annotator "TA"]
[PlyCount "95"]
[EventDate "2017.??.??"]
[EventType "swiss"]
[EventCountry "POL"]
[SourceTitle "playchess.com"]
[Source "ChessBase"]
[SourceQuality "1"]

{[%evp 19,95,28,26,29,19,27,27,12,29,19,37,33,39,36,36,0,2,-12,90,14,8,10,20,14,104,106,97,99,128,70,75,81,104,28,73,69,134,104,109,100,139,134,168,75,184,154,170,160,195,58,44,22,27,79,210,199,438,442,430,414,615,467,603,629,580,573,882,861,783,381,6131,7126,5152,1842,29989,29990,29996,29997]} 1. e4 c5 2. Nf3 Nc6 3. Bb5 g6 4. Bxc6 dxc6 5. d3 Bg7 6. h3 Nf6 7. Nc3 Nd7 8. Be3 e5 9. Qd2 Qe7 10. Bh6 f6 11. Bxg7 {B31: Sicilian: 2...Nc6 3 Bb5 g6} Qxg7 12. Nh2 (12. Qe3 Qe7 13. Nd2 Nf8 14. Ne2 Ne6 15. f4 exf4 16. Nxf4 Nd4 17. O-O-O Bd7 18. Ne2 Nb5 {½-½ (49) Kovalev,V (2595)-Pascua,H (2401) Subic Bay 2016}) 12... g5 13. Ng4 {White has an edge.} Nf8 14. Ne3 Ng6 15. a3 $146 ({Predecessor:} 15. g3 Be6 16. O-O-O b5 17. Kb1 a5 18. Nf5 Qa7 {0-1 (48) Escandell Mari,J (2286)-Gomez Jurado,L (2347) Barcelona 2011}) 15... Be6 16. b4 $36 {[%mdl 2048] White is pushing.} Qe7 17. Na4 b6 18. g3 h5 (18... Qd7 $11 {keeps the balance.}) 19. Nf5 (19. bxc5 $1 $16 b5 20. Nf5) 19... Qd7 20. bxc5 Bxf5 21. exf5 Qxf5 (21... Ne7 $1 $11 22. cxb6 axb6 23. Nxb6 Qd4) 22. cxb6 $16 axb6 23. Nxb6 Qf3 24. Rg1 ({White should play} 24. O-O $16 Rd8 25. a4) 24... Rb8 $14 25. Nc4 h4 26. Qe2 (26. Qe3 $16 Qd5 27. f4) 26... Qd5 27. Qg4 hxg3 (27... Kf7 $14) 28. fxg3 $16 Kf7 29. Kd2 e4 30. Qxe4 Rxh3 31. Rh1 (31. Rgb1 $18 {and White stays clearly on top.} Rxb1 32. Rxb1) 31... Rbh8 (31... g4 $16) 32. Rxh3 Rxh3 33. Rb1 {Rb7+ would kill now.} Ne7 34. Rb7 ({Better is} 34. a4 $18) 34... Qxe4 $1 $14 35. Nd6+ Ke6 {( -> ...Rh2+)} 36. Nxe4 $11 {[%mdl 4096] Endgame Black must now prevent a4. KRN-KRN} (36. dxe4 $2 {perishes.} Kxd6 37. Rb3 Rh2+ 38. Kc1 Ng6 $19) 36... Nd5 {[#]} (36... g4 $16) 37. a4 $1 $18 {[%cal Ba3a4,Ba4a5,Ba5a6,Ba6a7][%mdl 32]} g4 $2 (37... Ke5 38. a5 f5) 38. a5 Rh2+ 39. Kc1 f5 (39... Ne3 $142 40. a6 Rh8) 40. Nc5+ Kd6 41. d4 {[%csl Gc5][%cal Rb7d7]} Nc7 42. a6 {Strongly threatening a7.} f4 43. a7 Rh8 44. Rb8 (44. gxf4 $142 g3 45. Ne4+ Ke6 46. Nxg3) 44... Rh1+ $2 (44... fxg3 45. Ne4+ (45. Rxh8 g2 $11) 45... Ke6 46. Nxg3 (46. Rxh8 g2 $11) 46... Rh3) 45. Kb2 Kd5 {[#]} 46. Rc8 (46. Na6 $142 $1 {[%mdl 512]} Nxa6 47. Rd8+ Ke4 48. a8=Q) 46... fxg3 47. Rxc7 Rh8 48. Kc3 {Precision: White = 36%, Black = 23%.} 1-0

[Event "XVII MetLife Najdorf Open 2017"]
[Site "Warsaw"]
[Date "2017.07.15"]
[Round "7"]
[White "Efimenko, Zahar"]
[Black "Sengupta, Deep"]
[Result "1/2-1/2"]
[WhiteElo "2643"]
[BlackElo "2596"]
[Annotator "TA"]
[PlyCount "147"]
[EventDate "2017.??.??"]
[EventType "swiss"]
[EventCountry "POL"]
[SourceTitle "playchess.com"]
[Source "ChessBase"]
[SourceQuality "1"]

{[%evp 20,147,21,18,30,10,9,0,30,27,25,17,36,0,0,0,0,-45,-33,-33,-41,-25,-33,-74,-55,-52,-55,-60,0,0,14,-14,-13,-41,-16,-16,-15,-3,37,12,10,12,57,22,31,31,47,38,38,38,58,42,80,52,87,77,77,65,77,81,77,78,204,210,209,209,211,202,250,256,249,247,278,278,273,189,189,189,189,189,189,189,189,101,101,101,101,101,101,0,101,92,101,101,101,101,101,0,101,101,101,101,101,101,101,101,101,101,101,101,101,101,101,101,101,78,92,0,101,92,92,92,92,92,92,0,93,0,101,0]} 1. Nf3 Nf6 2. g3 d5 3. Bg2 c5 4. O-O e6 5. c4 d4 6. e3 Nc6 7. exd4 cxd4 8. d3 Be7 {A13: English Opening: 1...e6} (8... Bd6 9. Bg5 h6 10. Bxf6 Qxf6 11. Nbd2 Qd8 12. a3 a5 13. Rc1 O-O 14. Re1 Bd7 15. c5 Be7 16. Ne4 {½-½ (26) Bruzon Batista,L (2652)-Mareco,S (2648) Saint Louis 2017}) 9. Re1 O-O 10. Na3 Re8 11. Nc2 {LiveBook: 6 Games} Bd6 $146 ({Predecessor:} 11... a5 12. b3 Bd6 13. Bg5 h6 14. Bxf6 Qxf6 15. a3 e5 16. Nd2 {½-½ (47) Esipenko,A (2463)-Lugovskoy,M (2502) Loo 2016}) 12. Bd2 ({Of course not} 12. Nfxd4 Nxd4 13. Nxd4 Bb4 $15) (12. b4 $5) 12... e5 13. b4 e4 14. dxe4 d3 15. Ne3 Nxe4 16. c5 Bf8 17. Rc1 Be6 18. a3 (18. Ne5 $5 {[%cal Re5c6]} f5 19. Nxc6 bxc6 20. Nc4 $11) 18... Nd4 19. Nxd4 Qxd4 20. Bxe4 Qxe4 21. Nc4 Qd5 (21... Qd4 $5 {[%cal Re6c4]} 22. Ne5 Bf5 $15) 22. Re5 Qd7 23. Re3 Bf5 (23... Bg4 $15 24. Qe1 Be2) 24. Qf3 $36 {[%mdl 2048] With the idea c6! White has some pressure.} Rxe3 25. Bxe3 Re8 26. Nd6 Bg4 27. Qf4 ({Much worse is} 27. Qxb7 Qxb7 28. Nxb7 Rxe3 $17) 27... Bxd6 28. cxd6 {And now Rc7 would win.} Qf5 29. f3 Qxf4 30. Bxf4 {[%mdl 4096] Endgame KRB-KRB} Be6 31. Rc3 f6 32. Rxd3 Rd8 33. h4 Kf7 34. Rc3 Rd7 35. g4 Bd5 36. b5 a6 37. a4 axb5 38. axb5 g5 39. hxg5 fxg5 40. Bg3 Ke8 (40... b6 $16) 41. Rc5 $1 $18 {[%cal Rc5d5]} Bb3 42. Rxg5 Rf7 43. Kf2 Bd1 44. Re5+ Kd7 45. Re3 Ba4 {[#]} 46. b6 $1 Kc6 47. Re7 Rxe7 48. dxe7 {KB-KB} Kd7 {[#]} 49. Bh4 $1 Bd1 50. Bf6 Ke8 51. g5 (51. Kg3 $18) 51... Kf7 52. f4 Bc2 53. Ke3 Bg6 54. Kf2 Bc2 $1 55. Kg3 Bf5 56. Kf3 Bc2 57. Kg4 Bd3 58. Kf3 (58. f5 $16) 58... Bf5 (58... Bc2 $1 $11) 59. Ke2 $16 Bg6 60. Ke3 Ke6 61. Kd4 Be8 62. Kc5 Bc6 63. Kc4 Be8 64. Kd4 Bd7 65. Ke4 {Hoping for f5+.} Bc6+ 66. Ke3 Be8 67. Kd3 Bg6+ 68. Ke3 Be8 69. Kf3 Bh5+ 70. Kg3 Bg6 71. Kg4 Bf5+ 72. Kf3 (72. Kh4 $16 Bg6 73. Kg3) 72... Bg6 (72... Kf7 $11) 73. Ke3 (73. Kg3 $16) 73... Be8 (73... Kf7 $11 {remains equal.}) 74. Ke4 {Precision: White = 50%, Black = 64%.} (74. Bd4 $16) 1/2-1/2

[Event "XVII MetLife Najdorf Open 2017"]
[Site "Warsaw"]
[Date "2017.07.15"]
[Round "7"]
[White "Piorun, Kacper"]
[Black "Dziuba, Marcin"]
[Result "1-0"]
[WhiteElo "2637"]
[BlackElo "2561"]
[Annotator "TA"]
[PlyCount "119"]
[EventDate "2017.??.??"]
[EventType "swiss"]
[EventCountry "POL"]
[SourceTitle "playchess.com"]
[Source "ChessBase"]
[SourceQuality "1"]

{[%evp 12,119,1,7,8,7,14,-13,-33,-35,-18,-22,-12,-31,-20,-26,-5,-24,-8,-34,-28,-41,-25,-29,0,-85,0,-35,-44,-43,-12,-8,-4,-51,6,0,17,7,16,-47,63,72,76,71,70,60,70,68,73,68,43,33,102,105,114,115,68,44,44,70,110,29,40,20,46,22,58,51,58,50,74,14,20,18,8,8,8,0,0,0,160,152,156,150,139,102,128,127,412,412,384,357,29971,29972,29973,29974,29974,29973,29970,29971,29966,1357,29971,29971,29967,29969,29986,29987,29987,29983]} 1. Nf3 d5 2. g3 Nf6 3. Bg2 c6 4. c4 dxc4 5. O-O Nbd7 6. Na3 Nb6 7. Qc2 Be6 {A11: English Opening: 1...c6} 8. Ng5 (8. Ne5 h5 9. b3 cxb3 10. axb3 h4 11. Bb2 Qc8 12. Rfc1 hxg3 13. hxg3 Bd5 14. Nf3 g6 15. Nc4 {½-½ (41) Adams,M (2761)-So,W (2822) Shamkir 2017}) 8... Bg4 9. f3 Bh5 {The position is equal.} 10. Nxc4 Qd4+ 11. Ne3 e6 12. Kh1 Be7 $36 {[%mdl 2048] Black is pushing.} 13. d3 {[#]} O-O $146 ({Predecessor:} 13... Nfd5 14. Nd1 O-O 15. a3 {1-0 (64) Howell,D (2663)-Lupulescu,C (2626) Jerusalem 2015}) 14. Nd1 c5 15. f4 c4 16. dxc4 Nxc4 (16... h6 $5 {[%cal Rh6g5]} 17. Nf3 Qxc4 18. Qxc4 Nxc4 $15) 17. Bxb7 Rab8 18. Ba6 (18. Bf3 $11 Bg6 19. e4) 18... Nd6 (18... Na3 $1 $17 {[%cal Ra3c2]} 19. Qd3 Bc5) 19. Nc3 h6 {[%mdl 1024] Black has compensation.} (19... Bg6 $5 {[%cal Rg6c2]} 20. Bd3 Bxd3 21. Qxd3 Qxd3 22. exd3 Nf5 $15) 20. Nf3 Qb6 21. Bd3 Rfc8 22. Qa4 Ng4 (22... Bg4 $15 23. Qa6 Qxa6 24. Bxa6 Rc6) 23. Qd4 Nf5 24. Qxb6 Rxb6 25. Nd5 {[#]} (25. Nd1 $11) 25... exd5 (25... Nxg3+ $1 $15 {[%mdl 512]} 26. hxg3 exd5) 26. Bxf5 $14 Re8 27. h3 Nf6 28. Bd3 Ne4 29. g4 Bg6 {next ...Ng3+ is good for Black.} 30. f5 Bh7 31. Kg2 g6 {[#]} (31... Nc5 $14) 32. fxg6 $1 $16 ({Much weaker is} 32. Bxh6 $6 g5 $11) 32... Bxg6 33. Bxh6 Bf6 34. Rab1 Nc5 35. Bxg6 fxg6 36. Rfe1 (36. Rfc1 $16 Na4 37. Kf1) 36... Bxb2 $11 37. Kf1 Ne4 38. Bc1 (38. Be3 {looks sharper.} d4 39. Bf2 Rd8 40. Bg1 Rd5 41. a3) 38... Bd4 39. Rxb6 Bxb6 40. Bf4 Nc3 41. a3 (41. Bd2 $16 Ne4 42. Rc1) 41... Nxe2 $1 42. Be5 (42. Nh4 $5 {[%cal Re1e2]} Rf8 43. Kxe2 Rxf4 44. Nxg6 Rf2+ 45. Kd1 $11) 42... Nf4 $1 43. Bxf4 Rf8 44. Re6 Rxf4 {[%mdl 4096] Endgame KRB-KRN} 45. Kg2 Kf7 $2 {[#]} ({Black should try} 45... Kg7 $11) 46. Ng5+ $1 $16 Kg8 47. Rxg6+ Kh8 48. Ne6 Rf2+ 49. Kg3 Ra2 $2 {[%mdl 8192]} (49... Rf1 $16 {keeps fighting.} 50. Ng5 d4) 50. g5 $18 Rxa3+ 51. Kg4 Bd4 $2 (51... Rc3 $18 52. Rf6 Rc8) 52. Nxd4 {KRN-KR} Ra4 53. Kh5 Rxd4 {KR-KR} 54. Ra6 Re4 55. Rxa7 Kg8 56. Rd7 (56. g6 $142 d4 57. Rd7 Re1 58. h4 Re8 59. Kg5 Re3 60. h5 Rg3+ 61. Kh6) 56... d4 57. g6 {White mates.} Kf8 58. h4 Re7 59. Rxe7 Kxe7 60. Kg4 {Precision: White = 45%, Black = 41%.} ({Stronger than} 60. Kg5 d3 $11) 1-0

[Event "XVII MetLife Najdorf Open 2017"]
[Site "Warsaw"]
[Date "2017.07.15"]
[Round "7"]
[White "Fridman, Daniel"]
[Black "Mista, Aleksander"]
[Result "1/2-1/2"]
[WhiteElo "2635"]
[BlackElo "2599"]
[Annotator "TA"]
[PlyCount "33"]
[EventDate "2017.??.??"]
[EventType "swiss"]
[EventCountry "POL"]
[SourceTitle "playchess.com"]
[Source "ChessBase"]
[SourceQuality "1"]

{[%evp 17,33,20,20,-15,0,0,5,10,0,0,6,0,0,-9,-7,-7,-10,-21]} 1. Nf3 c5 2. c4 Nc6 3. Nc3 g6 4. e3 Nf6 5. d4 cxd4 6. exd4 d5 7. cxd5 Nxd5 8. Qb3 e6 9. Bb5 Bg7 {The position is equal.} 10. Ne5 {A35: Symmetrical English: 2 Nc3 Nc6 3 Nf3} (10. Bxc6+ $5 bxc6 11. O-O $11) 10... Bd7 11. Nxd5 Nxe5 12. dxe5 {[#] Threatens to win with Bg5.} exd5 13. O-O O-O 14. Qxd5 Be6 15. Qxd8 {[#]} Raxd8 $146 ({Predecessor:} 15... Rfxd8 16. f4 f6 17. Re1 fxe5 18. fxe5 {½-½ (27) Mastrovasilis,A (2513)-Banikas,H (2646) Porto Rio 2014}) 16. f4 f6 17. exf6 1/2-1/2

[Event "XVII MetLife Najdorf Open 2017"]
[Site "Warsaw"]
[Date "2017.07.15"]
[Round "7"]
[White "Edouard, Romain"]
[Black "Markowski, Tomasz"]
[Result "1-0"]
[WhiteElo "2622"]
[BlackElo "2557"]
[Annotator "TA"]
[PlyCount "133"]
[EventDate "2017.??.??"]
[EventType "swiss"]
[EventCountry "POL"]
[SourceTitle "playchess.com"]
[Source "ChessBase"]
[SourceQuality "1"]

{[%evp 14,133,42,43,45,40,31,31,31,35,46,15,56,47,53,60,48,49,60,50,61,50,78,79,56,0,72,29,49,20,34,19,13,30,30,6,4,0,0,0,0,0,0,-22,-23,-66,65,70,59,59,53,60,109,109,129,129,129,129,129,129,224,113,113,113,113,113,113,113,113,113,113,113,458,490,474,482,458,457,423,366,367,435,435,435,435,401,404,403,420,413,407,378,356,341,441,224,210,210,225,235,320,320,300,295,254,252,241,214,222,219,214,208,185,169,365,365,379,379,621,616,29984,29985]} 1. e4 c5 2. Nf3 e6 3. d4 cxd4 4. Nxd4 a6 5. Bd3 Nf6 6. O-O d6 7. c4 Nc6 8. Be3 {LiveBook: 7 Games. B42: Sicilian: Kan Variation: 5 Bd3} Ne5 9. Nc3 Nxd3 (9... Nfg4 10. Bc1 Nxd3 11. Qxd3 Be7 12. Nf3 O-O 13. h3 Ne5 14. Nxe5 dxe5 15. Rd1 Qc7 {0-1 (52) Morchiashvili,B (2326)-Pantsulaia,L (2583) Tbilisi 2015}) 10. Qxd3 {White is slightly better.} Be7 11. h3 O-O 12. a4 $146 ({Predecessor:} 12. Rac1 Qc7 13. Rfd1 b6 14. Nf3 Bb7 15. Bf4 {1-0 (45) Juarez Flores,C (2425)-Pilarte,R (2189) Managua 2015}) 12... Bd7 13. a5 Rc8 14. Rfc1 Qc7 15. b3 Qb8 16. f4 Rfe8 17. Nde2 Rc6 18. Na4 Rcc8 19. Nac3 ({White should try} 19. Nb6 $14) 19... h6 (19... Rc6 $1 $11 {remains equal.}) 20. Bd4 Bc6 21. Kh1 Nd7 22. b4 e5 23. Be3 exf4 24. Nxf4 Bf6 25. Nh5 {[%cal Bf4h5,Bh5g3,Bg3f5][%mdl 32] Hoping for b5.} Bxc3 $1 26. Qxc3 {[%csl Gh5][%cal Rc3g7]} Re5 27. Ng3 $1 Rce8 28. Bf4 R5e6 $1 29. Nf5 {[%csl Gf5][%cal Rc3g7]} Ne5 ({Black should play} 29... Rg6 $15) 30. Bxe5 $14 dxe5 31. Qg3 {[%csl Gf5][%cal Rg3g7]} Rg6 32. Qd3 b5 33. c5 Qa8 34. Re1 $1 Rg5 35. Nd6 Rf8 36. Ra2 g6 {[#]} (36... Qd8 $16 37. Rf1 Kh7) 37. Kh2 (37. Rf2 $1 $18 Kg7 38. Rg1) 37... Qd8 $16 38. Rf2 Qe7 39. Qb3 {Strongly threatening Ref1.} Kg7 40. Qc3 h5 41. Ref1 {And now Rxf7+ would win.} f6 42. Qd2 $36 {[%mdl 2048] Keeping Black busy.} Bd7 $2 {[%mdl 8192]} (42... Qd8 $16 {is more resistant.} 43. g3 Qe7) 43. Qd5 $18 Be6 44. Qc6 f5 45. Qxa6 f4 46. Qb7 Qxb7 47. Nxb7 Rg3 48. Rf3 h4 49. a6 {[%cal Ba5a6,Ba6a7][%mdl 32]} Ra8 50. Ra1 Bd7 51. a7 Kf6 52. c6 Bxc6 53. Ra6 Kg7 54. Rxc6 (54. Nc5 $142) 54... Rxa7 {[#]} 55. Na5 $1 {Black must now prevent Rd6.} Rd7 {Threatening ...Rd2.} 56. Nb3 Rxf3 57. gxf3 {[%mdl 4096] Endgame KRN-KR} Rd3 58. Nc5 Rxf3 59. Nd7 {aiming for Rxg6+!} Re3 60. Nxe5 Rxe4 {...Re2+ is the strong threat.} 61. Rxg6+ Kh7 62. Rg5 {Threatens to win with Nc6.} Rxb4 63. Kg2 Kh6 $2 (63... Rb3 {might work better.} 64. Rh5+ Kg7 65. Rxh4 Kf6) 64. Rg4 Rb2+ 65. Kf3 Rb3+ $2 (65... b4 66. Rxh4+ Kg5 67. Rg4+ (67. Rxf4 Rb3+ 68. Ke4 Rxh3 $14) 67... Kh5 68. Kxf4 Rf2+ 69. Kg3 Rb2) 66. Kxf4 Rxh3 67. Nf7+ {Precision: White = 69%, Black = 50%.} 1-0